Valleys in transition : (Record no. 331572)
[ view plain ]
| 000 -LEADER | |
|---|---|
| fixed length control field | 01376cam a2200349 a 4500 |
| 001 - CONTROL NUMBER | |
| control field | 14667943 |
| 003 - CONTROL NUMBER IDENTIFIER | |
| control field | NUST |
| 005 - DATE AND TIME OF LATEST TRANSACTION | |
| control field | 20171004125917.0 |
| 008 - FIXED-LENGTH DATA ELEMENTS--GENERAL INFORMATION | |
| fixed length control field | 061213s2006 pk ab b 001 0 eng |
| 010 ## - LIBRARY OF CONGRESS CONTROL NUMBER | |
| LC control number | 2006332942 |
| 020 ## - INTERNATIONAL STANDARD BOOK NUMBER | |
| International Standard Book Number | 9780195473278 |
| 020 ## - INTERNATIONAL STANDARD BOOK NUMBER | |
| International Standard Book Number | 0195473272 |
| 025 ## - OVERSEAS ACQUISITION NUMBER | |
| Overseas acquisition number | P-E-2006332942; |
| 040 ## - CATALOGING SOURCE | |
| Original cataloging agency | DLC |
| Transcribing agency | DLC |
| 042 ## - AUTHENTICATION CODE | |
| Authentication code | lcode |
| 043 ## - GEOGRAPHIC AREA CODE | |
| Geographic area code | a-pk--- |
| 050 00 - LIBRARY OF CONGRESS CALL NUMBER | |
| Classification number | HN690.5.N64 |
| Item number | V35 2006 |
| 082 ## - DEWEY DECIMAL CLASSIFICATION NUMBER | |
| Classification number | 307.1412095491 |
| Author Mark | VAL |
| 245 00 - TITLE STATEMENT | |
| Title | Valleys in transition : |
| Remainder of title | twenty years of AKRSP's experience in Northern Pakistan / |
| Statement of responsibility, etc. | edited by Geof Wood, Abdul Malik and Sumaira Sagheer. |
| 260 ## - PUBLICATION, DISTRIBUTION, ETC. | |
| Place of publication, distribution, etc. | Karachi : |
| Name of publisher, distributor, etc. | Oxford University Press, |
| Date of publication, distribution, etc. | 2006. |
| 300 ## - PHYSICAL DESCRIPTION | |
| Extent | xxxviii, 522 p. : |
| Other physical details | ill. maps. ; |
| Dimensions | 22 cm. |
| 504 ## - BIBLIOGRAPHY, ETC. NOTE | |
| Bibliography, etc. note | Includes bibliographical references (p. [499]-513) and index. |
| 610 20 - SUBJECT ADDED ENTRY--CORPORATE NAME | |
| Corporate name or jurisdiction name as entry element | Aga Khan Rural Support Programme. |
| 9 (RLIN) | 5230 |
| 650 #0 - SUBJECT ADDED ENTRY--TOPICAL TERM | |
| Topical term or geographic name entry element | Rural development |
| Geographic subdivision | Pakistan |
| -- | Northern Areas. |
| 9 (RLIN) | 5231 |
| 650 #0 - SUBJECT ADDED ENTRY--TOPICAL TERM | |
| Topical term or geographic name entry element | Rural development |
| Geographic subdivision | Pakistan |
| -- | Chitrāl District. |
| 9 (RLIN) | 5232 |
| 650 #0 - SUBJECT ADDED ENTRY--TOPICAL TERM | |
| Topical term or geographic name entry element | Poverty |
| Geographic subdivision | Pakistan |
| -- | Northern Areas. |
| 9 (RLIN) | 5233 |
| 650 #0 - SUBJECT ADDED ENTRY--TOPICAL TERM | |
| Topical term or geographic name entry element | Poverty |
| Geographic subdivision | Pakistan |
| -- | Chitrāl District. |
| 9 (RLIN) | 5234 |
| 700 1# - ADDED ENTRY--PERSONAL NAME | |
| Personal name | Wood, Geoffrey D., |
| Dates associated with a name | 1945- |
| 9 (RLIN) | 5235 |
| 700 1# - ADDED ENTRY--PERSONAL NAME | |
| Personal name | Malik, Abdul. |
| 9 (RLIN) | 5236 |
| 700 1# - ADDED ENTRY--PERSONAL NAME | |
| Personal name | Sagheer, Sumaira. |
| 9 (RLIN) | 5237 |
| 906 ## - LOCAL DATA ELEMENT F, LDF (RLIN) | |
| a | 7 |
| b | cbc |
| c | origode |
| d | 3 |
| e | ncip |
| f | 20 |
| g | y-gencatlg |
| 942 ## - ADDED ENTRY ELEMENTS (KOHA) | |
| Source of classification or shelving scheme | |
| Koha item type | Book |
| Withdrawn status | Lost status | Source of classification or shelving scheme | Damaged status | Not for loan | Collection code | Permanent Location | Current Location | Shelving location | Date acquired | Total Checkouts | Full call number | Barcode | Date last seen | Date last checked out | Copy number | Price effective from | Koha item type |
|---|---|---|---|---|---|---|---|---|---|---|---|---|---|---|---|---|---|
| Central Library (CL) | Central Library (CL) | Book Cart | 10/04/2017 | 1 | 307.1412095491 VAL | CL2871 | 11/03/2020 | 10/12/2020 | 1 | 10/04/2017 | Book |
